000 00487nam a2200145 a 4500
001 000036683
005 20200930075854.0
008 120125s1987 dr 000 0 spa d
040 _aDO-SdBNP
_bspa
_cBNPHU
082 _axxxxxx
_bxxxxx
111 1 _aSeminario-taller de educación polivalente
_d(1987, nov. 2-6
_cJarabacoa, República Dominicana)
_962962
245 1 0 _aEduación polivalente en República Dominicana.
260 _aSanto Domingo :
_bBúho,
_c1987.
300 _a77 p. ;
_c21 cm.
999 _c36174
_d36174